| 000 | 00618aam a2200241 4500 | ||
|---|---|---|---|
| 005 | 20161114102211.0 | ||
| 008 | 150714b xxu||||| |||| 00| 0 spa d | ||
| 041 | _aInglés | ||
| 082 | _a428 F634b | ||
| 100 |
_aMora Flores, Berta _931199 |
||
| 100 |
_aAlfaro Murillo, Vilma _931200 |
||
| 100 |
_aFlores Mora, Marco _931201 |
||
| 245 | _aBasic English Syntax | ||
| 260 | _aCosta Rica | ||
| 260 | _bUniversidad de Costa Rica | ||
| 260 | _c2002 | ||
| 300 | _a215 páginas | ||
| 650 |
_aCOSTA RICA _931202 |
||
| 650 |
_a INGLES _92062 |
||
| 650 |
_aENSEÑANZA _9236 |
||
| 650 |
_a SINTAXIS _915579 |
||
| 942 | _cBK | ||
| 999 |
_c1723 _d1723 |
||